000
00309nam a2200097Ia 4500
005
20250424112922.0
008
250424s9999 xx 000 0 und d
300
_a
iv, 244p. :ill. ; 21 cm.
650
_a
Nigeria--Politics and government--Periodicals. Nigeria--Social conditions--1960---Periodicals.
942
_c
SR
999
_c
37873
_d
37873